Naruto: Whose Eyes? Quiz Stats

Quiz not verified by Sporcle

Challenge
Share
Tweet
Score 0/17 Timer 05:00
0 Plays Today
% Correct
Sasuke Uchiha's
96.2%
Madara Uchiha and Hagoromo Ōtsutsuki's
90.1%
Obito Uchiha's
84.4%
Shisui Uchiha's
75.4%
Sasuke Uchiha's
67.2%
Kaguya Ōtsutsuki, Madara Uchiha and Shinju's
66.3%
Itachi Uchiha's
61.5%
Madara Uchiha's
57.4%
Madara Uchiha's
49.5%
% Correct
Sasuke Uchiha's
48.3%
Izuna Uchiha's
38.7%
Toneri Ōtsutsuki's
27.5%
Rai Uchiha's
17.4%
Indra's
15.5%
Baru Uchiha's
9.7%
Naori Uchiha's
9.6%
Naka Uchiha's
8.3%

You're not logged in!

Compare scores with friends on all Sporcle quizzes.
Sign Up with Email
OR
Log In

You Might Also Like...

Show Comments

Extras

Top Quizzes Today


Score Distribution

Your Account Isn't Verified!

In order to create a playlist on Sporcle, you need to verify the email address you used during registration. Go to your Sporcle Settings to finish the process.